London Underground - Circle Line - Statistics

General Stats
  • This quiz has been taken 105 times
  • The average score is 20 of 35
Answer Stats
Station % Correct
Aldgate
81%
Paddington
81%
Embankment
77%
Tower Hill
75%
Temple
73%
Blackfriars
71%
Sloane Square
71%
Westminster
71%
Victoria
69%
Bayswater
67%
Liverpool Street
67%
South Kensington
67%
Barbican
65%
Baker Street
63%
Cannon Street
63%
Gloucester Road
63%
Mansion House
63%
Euston Square
60%
Monument
60%
Notting Hill Gate
60%
Farringdon
58%
High Street Kensington
58%
Moorgate
58%
Great Portland Street
56%
St James's Park
56%
King;s Cross St Pancras
52%
Hammersmith
50%
Latimer Road
40%
Royal Oak
33%
Shepherd's Bush Market
33%
Edgeware Road
31%
Goldhawk Road
31%
Westbourne Park
31%
Wood Lane
29%
Ladbrook Grove
10%
No matching quizzes found
Score Distribution
Percent of People with Each Score
Percentile by Number Answered
Your Score History
You have not taken this quiz